Statistics for Amazon Rainforest Countries

Click here to take the quiz!

General Stats

  • This quiz has been taken 1,316 times
    (1,053 since last reset)
  • The average score is 8 of 9

Answer Stats

Country% Correct
Brazil
100%
Peru
96%
Venezuela
95%
Bolivia
94%
Colombia
94%
Ecuador
93%
Guyana
92%
Suriname
91%
France
61%

Score Distribution

Percentile by Number Answered

Percent of People with Each Score

Your Score History

You have not taken this quiz since the last reset